000 00890nam a22002897a 4500
001 5875
003 FISKH
005 20250127115929.0
008 250127b cb ||||| |||| 00| 0 eng d
020 _a9781600443343
040 _aFISKH
_beng
_cFISKH
_dFISKH
050 _aQE862.O65
082 _a567.914
100 _aStille, Darlene
_d(1942-)
245 _aNorth American dinosaurs :
_bHadrosaurus /
_cDarlene Stille
250 _aThis edition published in 2007
260 _aFlorida :
_bRourke,
_c2007.
300 _a24 pages :
_bcolor illustrations ;
_c25 cm
505 _aP
520 _aDiscover The World Of The Dinosaur That Is Known As The "Duck-Billed Dinosaur" That Lived In Forests And Swamps.
521 8 _a630
_bLexile
521 8 _aP
_bRaz-Plus
650 _2Animals
_aReading Level O
650 _2Dinosaurs
_aFossils
942 _2ddc
_cBK
_n0
999 _c5875
_d5875